000 00300nam a22001337a 4500
008 171030b xxu||||| |||| 00| 0 eng d
020 _a9780073511726
041 _aeng
080 _27TH
_a33
100 _a58
101 _aBUS
245 _aBUSINESS A CHANGING WORLD
_cFERRELL,O,C
942 _2udc
_cBK
999 _c36602
_d36602